Ładuje się......

Introduction to high performance liquid chromatography

Opis bibliograficzny
1. autor: Hamilton, R J
Kolejni autorzy: Sewell, P A
Format: Printed Book
Język:Undetermined
Wydane: London : Chapman & Hall Ltd., 1978
Hasła przedmiotowe:
LEADER 00533nam a2200157Ia 4500
008 200122s9999||||xx |||||||||||||| ||und||
080 |a 544.92  |b HAM-I 
100 |a Hamilton, R J 
245 0 |a Introduction to high performance liquid chromatography 
260 |a  London :  |b Chapman & Hall Ltd.,  |c 1978 
300 |a 183 p. 
650 |a Chromatographic Analysis 
700 |a  Sewell, P A 
942 |c BK 
999 |c 260141  |d 260141 
952 |0 0  |1 0  |4 0  |6 544_920000000000000_HAMI  |7 0  |9 276351  |a BCH  |b BCH  |l 0  |o 544.92 HAM-I  |p BCH1233  |r 2020-01-24  |w 2020-01-24  |y BK